<?xml version="1.0" encoding="UTF-8"?>
<record
    xmlns:xsi="http://www.w3.org/2001/XMLSchema-instance"
    xsi:schemaLocation="http://www.loc.gov/MARC21/slim http://www.loc.gov/standards/marcxml/schema/MARC21slim.xsd"
    xmlns="http://www.loc.gov/MARC21/slim">

  <leader>02101nam a22002777a 4500</leader>
  <controlfield tag="001">114120</controlfield>
  <controlfield tag="003">DR-UNIBE</controlfield>
  <controlfield tag="005">20251002103932.0</controlfield>
  <controlfield tag="008">251001b2022    xxu||||| |||| 00| 0 eng d</controlfield>
  <datafield tag="020" ind1=" " ind2=" ">
    <subfield code="a">9781266103148</subfield>
  </datafield>
  <datafield tag="040" ind1=" " ind2=" ">
    <subfield code="a">BIBLIOTECA UNIBE</subfield>
    <subfield code="c">BIBLIOTECA UNIBE</subfield>
    <subfield code="e">rda</subfield>
  </datafield>
  <datafield tag="041" ind1=" " ind2=" ">
    <subfield code="a">eng</subfield>
  </datafield>
  <datafield tag="082" ind1=" " ind2=" ">
    <subfield code="a">388.88 H645g 2022</subfield>
  </datafield>
  <datafield tag="100" ind1="1" ind2="0">
    <subfield code="9">4609</subfield>
    <subfield code="a">Hill, Charles W. L.</subfield>
    <subfield code="e">autor</subfield>
  </datafield>
  <datafield tag="245" ind1="1" ind2="0">
    <subfield code="a">Global business today /</subfield>
    <subfield code="c">Charles W. L. Hill </subfield>
  </datafield>
  <datafield tag="250" ind1=" " ind2=" ">
    <subfield code="a">Decimosegunda edici&#xF3;n</subfield>
  </datafield>
  <datafield tag="260" ind1=" " ind2=" ">
    <subfield code="a">New York :</subfield>
    <subfield code="b">McGraw Hill,</subfield>
    <subfield code="c">2022</subfield>
  </datafield>
  <datafield tag="300" ind1=" " ind2=" ">
    <subfield code="a"> xxii, 615 p&#xE1;ginas : </subfield>
    <subfield code="b">ilustraciones, gr&#xE1;ficos, mapas</subfield>
  </datafield>
  <datafield tag="500" ind1=" " ind2=" ">
    <subfield code="a">Incluye contenido, glosario, &#xED;ndice de temas, datos del autor,</subfield>
  </datafield>
  <datafield tag="505" ind1=" " ind2=" ">
    <subfield code="a">PART ONE INTRODUCTION AND OVERVIEW|
Chapter One Globalization |
PART TWO NATIONAL DIFFERENCES|
Chapter Two National Differences in Political, Economic, and Legal Systems|
 Chapter Three National Differences in Economic Development |
Chapter Four Differences in Culture |
Chapter Five Ethics, Corporate Social Responsibility, and Sustainability |
PART THREE THE GLOBAL TRADE AND INVESTMENT ENVIRONMENT|
Chapter Six International Trade Theory|
 Chapter Seven Government Policy and International Trade |
Chapter Eight Foreign Direct Investment |
Chapter Nine Regional Economic Integration|
 PART FOUR THE GLOBAL MONETARY SYSTEM|
Chapter Ten The Foreign Exchange Market|
 Chapter Eleven The International Monetary System |
PART FIVE THE STRATEGY OF INTERNATIONAL BUSINESS|
Chapter Twelve The Strategy of International Business |
Chapter Thirteen Entering Developed and Emerging Markets|
 PART SIX INTERNATIONAL BUSINESS FUNCTIONS|
Chapter Fourteen Exporting, Importing, and Countertrade|
 Chapter Fifteen Global Production and Supply Chain Management |
Chapter Sixteen Global Marketing and Business Analytics |
Chapter Seventeen Global Human Resource Management |
</subfield>
  </datafield>
  <datafield tag="650" ind1=" " ind2="7">
    <subfield code="2">lemb</subfield>
    <subfield code="a">Empresas internacionales</subfield>
    <subfield code="9">155659</subfield>
  </datafield>
  <datafield tag="650" ind1=" " ind2="7">
    <subfield code="2">lemb</subfield>
    <subfield code="a">Competencia econ&#xF3;mica internacional </subfield>
    <subfield code="9">155660</subfield>
  </datafield>
  <datafield tag="650" ind1=" " ind2="7">
    <subfield code="2">lemb</subfield>
    <subfield code="a"> Inversiones extranjeras </subfield>
    <subfield code="9">155661</subfield>
  </datafield>
  <datafield tag="650" ind1=" " ind2="7">
    <subfield code="2">lemb</subfield>
    <subfield code="a">Negocios</subfield>
  </datafield>
  <datafield tag="942" ind1=" " ind2=" ">
    <subfield code="2">ddc</subfield>
    <subfield code="c">BK</subfield>
  </datafield>
  <datafield tag="999" ind1=" " ind2=" ">
    <subfield code="c">114120</subfield>
    <subfield code="d">114120</subfield>
  </datafield>
  <datafield tag="952" ind1=" " ind2=" ">
    <subfield code="0">0</subfield>
    <subfield code="1">0</subfield>
    <subfield code="2">ddc</subfield>
    <subfield code="7">0</subfield>
    <subfield code="8">RES</subfield>
    <subfield code="a">Principal</subfield>
    <subfield code="c">NEW</subfield>
    <subfield code="d">2025-10-02</subfield>
    <subfield code="l">0</subfield>
    <subfield code="o">388.88 H645g 2022</subfield>
    <subfield code="p">251044</subfield>
    <subfield code="r">2025-10-02 10:40:21</subfield>
    <subfield code="t">Ej. 1</subfield>
    <subfield code="w">2025-10-02</subfield>
    <subfield code="y">BK-RES</subfield>
  </datafield>
</record>
